Normal view
MARC view
- ابو جابر، محمود
Entry Personal Name
001 - CONTROL NUMBER
- control field: 21004
003 - CONTROL NUMBER IDENTIFIER
- control field: JO-AjAnu
005 - DATE AND TIME OF LATEST TRANSACTION
- control field: 20230606073639.0
008 - FIXED-LENGTH DATA ELEMENTS
- fixed length control field: 230606|| aca||aabn | a|a d
040 ## - CATALOGING SOURCE
- Original cataloging agency: JO-AjAnu
- Transcribing agency: JO-AjAnu
100 ## - HEADING--PERSONAL NAME
- Personal name: ابو جابر، محمود
670 ## - SOURCE DATA FOUND
- Source citation: Work cat.: (JO-AjAnu)10792: ابو جابر، محمود, author, دليلك الى المساحة والهندسة المدنية =Civil And Survey-SOFTDESK8